| 000 | 00492nam a2200205Ia 4500 | ||
|---|---|---|---|
| 008 | 170918s9999 xx 000 0 und d | ||
| 020 | _a9780439751056 | ||
| 050 | _bL695 2006 | ||
| 100 | _aLiberatore, Theresa | ||
| 245 | _aSeeds of peace / | ||
| 245 | _cTheresa Liberatore. | ||
| 260 | _aNew York : | ||
| 260 | _bScholastic, | ||
| 260 | _c2006 | ||
| 300 | _a16 pages : | ||
| 300 | _bcolored illustration ; | ||
| 300 | _c23cm. | ||
| 440 | _aScholastic FX books. | ||
| 500 | _a430 | ||
| 999 |
_c341466 _d341466 |
||